The American journal of Islamic social sciences-Vol. 16, no. 3 (Fall 1999) (Record no. 4763)

MARC details
000 -LEADER
fixed length control field 00473nam a2200133 4500
008 - FIXED-LENGTH DATA ELEMENTS--GENERAL INFORMATION
fixed length control field 240219b |||||||| |||| 00| 0 eng d
022 ## - INTERNATIONAL STANDARD SERIAL NUMBER
ISSN 07426763
942 ## - ADDED ENTRY ELEMENTS (KOHA)
Item Type Periodicals
245 ## - TITLE STATEMENT
Title The American journal of Islamic social sciences-Vol. 16, no. 3 (Fall 1999)
260 ## - PUBLICATION, DISTRIBUTION, ETC. (IMPRINT)
Place of Publication Herndon, (USA) :
Name of Publisher The Association of Muslim social scientists : International institute of Islamic thought,
Date of Copyright 1999
300 ## - PHYSICAL DESCRIPTION
Physical Details 1-148 p.
650 ## - SUBJECT ADDED ENTRY--TOPICAL TERM
Topical Term Islam -- Periodicals
650 ## - SUBJECT ADDED ENTRY--TOPICAL TERM
Topical Term Muslims -- Periodicals
Holdings
Withdrawn status Lost status Source of classification or shelving scheme Damaged status Not for loan Permanent location Current location Date acquired Total Checkouts Full call number Barcode Date last seen Price effective from Koha item type
    Dewey Decimal Classification     Resource center, Muslim Women's Research And Action Forum Resource center, Muslim Women's Research And Action Forum 2024-02-25   305.42 AME RAF5033 2024-02-25 2024-02-25 Periodicals

Copyright © 2023 Muslim Women's Research and Action Forum (MWRAF), No 27/3, Anderson Road, Kalubowila, Dehiwela. Funded by The Asia Fundation